Géographie physique de l’Allemagne - Statistiques

Statistiques générales
  • Ce quiz a été pris 54 fois
  • Le résultat moyen est 12 sur 20
Statistiques - réponses
Question Réponse % Correct
Mer du Nord
98%
Rhin
98%
Plus grands länders Bavière
94%
Plus grand pays frontalier France
94%
Mers bordées Mer Baltique
94%
Villes-Länders Berlin
92%
Hambourg
82%
Elbe
70%
Ville signifiant « Manger » Essen
68%
Lac partagé avec la Suisse et l’Autriche Lac de Constance
68%
Plus longs cours d’eau (longueur totale) Danube
66%
Brème
60%
Chaîne de montagnes qui fait fasse aux Vosges Forêt Noire
54%
Basse-Saxe
46%
Bade-Würtemberg
38%
Brandebourg
36%
Oder
36%
Point culminant Zugspitze
20%
Rhénanie du Nord-Westphalie
14%
Plus grande île Rügen
14%
Aucun quiz correspondant
Distribution des résultats
% des personnes avec chaque résultat
Percentile par nombre de réponses
Votre historique - résultats
Vous n’avez pas pris ce quiz